000 00648nam a2200205Ia 4500
003 GCL
008 140319s9999 xx 000 0 ara d
040 _aGCL /
_cGCL
082 0 4 _a411.5
_bم ع
100 1 _aمحمد صالح الضالع
245 1 0 _aعلم الاصوات عند ابن سينا /
_cمحمد صالح الضالع
260 _a[S.N] :
_bدار المعرفة الجامعية
300 _a89 ص
490 _a
650 0 4 _aالاصوات اللغوية
650 0 4 _aالاصوات اللغوية الفيزيائية
650 0 4 _aالاصوات الموسيقية
650 0 4 _aالصوتيات
942 _2ddc
_cBK
999 _c36864
_d36864